| Record ID | ia:cretanteat0000aldi |
| Source | Internet Archive |
| Download MARC XML | https://archive.org/download/cretanteat0000aldi/cretanteat0000aldi_marc.xml |
| Download MARC binary | https://www.archive.org/download/cretanteat0000aldi/cretanteat0000aldi_meta.mrc |
LEADER: 00760cam a2200277 a 4500
001 2003464549
003 DLC
005 20050802104801.0
008 010528s2002 enk 000 1 eng
010 $a 2003464549
015 $aGBA1-X4482
020 $a0755111478
035 $a(OCoLC)ocm47062616
040 $aUKM$cUKM$dOCLCQ$dRRR$dOCLCQ$dDLC
042 $alccopycat
043 $ae-gr---
050 00 $aPR6051.L3$bC74 2002
082 00 $a823/.914$222
100 1 $aAldiss, Brian Wilson,$d1925-
245 14 $aThe Cretan teat /$cBrian Aldiss.
260 $aThirsk :$bHouse of Stratus,$c2002.
300 $a206 p. ;$c19 cm.
650 0 $aAuthors$vFiction.
650 0 $aIcons, Byzantine$vFiction.
651 0 $aGreece$vFiction.
655 7 $aHumorous fiction.$2gsafd